00574nam a2200157 a 450000100100000000500170001000800410002704000250006808200190009311000970011224500690020926000580027830000200033649000300035683000300038600004245520201002040153.0131203s200? dr 000 0 spa d aDO-SdBNPbspacBNPHU axxxxxxcxxxxxx2 aRepública DominicanabComisión Presidencial para la Reforma y Modernización del Estado10aManual del ayuntamiento :borganización del Distrito Nacional. aSanto Domingo, :bLiga Municipal Dominicana,c[200?]. a80 p. ;c20 cm. 1aCuadernos municipalesv10 0aCuadernos municipalesn10